000 00367nam a2200145 i 4500
001 bg
100 1 _aWOS, A.
245 0 _aGospodarka żywnościowa :
_bproblemy ekonomiki i sterowania /
_cA. Wos, J.S. Zegar.
260 _aWarszawa,
_c1983.
700 1 _aZEGAR, J. S.
040 _cBPK
041 _apol
942 _cKS
008 s pl f |000 0 pol
999 _c21982
_d21982
856 _uhttp://koha.tu.koszalin.pl/cgi-bin/koha/opac-detail.pl?biblionumber=21982
_yKatalog online BPK